Economic adjustment : policies and problems : papers presented at a seminar held in Wellington, New Zealand, February 17-19, 1986 /

Bibliographic Details
Corporate Author: International Monetary Fund
Other Authors: Holmes, Frank, 1924-2011
Format: Book
Language:English
Published: [Washington, D.C.] : International Monetary Fund, 1987.
Subjects:

MARC

Tag First Indicator Second Indicator Subfields
LEADER 00000cam a2200000 a 4500
001 in00000020704
005 20151007055438.0
008 871007s1987 dcua b 10000 eng
010 |a  87030382  
020 |a 0939934981 (pbk.) :  |c $16.00 
035 |a (OCoLC)16984829 
035 |9 AAB8267AM 
040 |a DLC  |c DLC  |d TXA  |d UtOrBLW 
043 |a a-ko---  |a po-----  |a u-nz--- 
049 |a TXAM  |c [A11507737] 
050 0 0 |a HC681  |b .E28 1987 
082 0 |a 338.99  |2 19 
245 0 0 |a Economic adjustment :  |b policies and problems : papers presented at a seminar held in Wellington, New Zealand, February 17-19, 1986 /  |c edited by Sir Frank Holmes. 
264 1 |a [Washington, D.C.] :  |b International Monetary Fund,  |c 1987. 
300 |a x, 281 pages :  |b illustrations ;  |c 23 cm. 
336 |a text  |b txt  |2 rdacontent 
337 |a unmediated  |b n  |2 rdamedia 
338 |a volume  |b nc  |2 rdacarrier 
504 |a Includes bibliographies. 
651 0 |a Oceania  |x Economic policy  |x Congresses. 
651 0 |a Korea (South)  |x Economic policy  |y 1960-1988  |x Congresses. 
651 0 |a New Zealand  |x Economic policy  |x Congresses. 
700 1 |a Holmes, Frank,  |d 1924-2011. 
710 2 |a International Monetary Fund. 
999 |a MARS 
999 f f |s 04c5d0e7-7f1e-3a50-b180-dcf91d612e75  |i 976eb00b-c428-3a27-b59c-c49c50ac8790  |t 0 
952 f f |p ric  |a Texas A&M University  |b Rellis Campus  |c Joint Library Facility  |d Remote Storage  |t 0  |e HC681 .E28 1987  |h Library of Congress classification  |i unmediated -- volume  |m A14811507737 
998 f f |a HC681 .E28 1987  |t 0  |l Remote Storage